Quantitative approaches to management

Bibliographic Details
Main Authors: Levin, Richard I. (Author), Kirkpatrick, Charles Atkinson (Author), Rubin, David S. (Author)
Format: Book
Published: New York : McGraw-Hill , c1982
Edition:5th ed.
Subjects:

MARC

LEADER 00000cam a2200000 7i4500
001 0000003809
005 20210419093000.0
008 021118n
020 |a 0070374368 
090 0 0 |a T57.6   |b .L48 1982 
100 0 |a Levin, Richard I. ,   |e author 
245 0 0 |a Quantitative approaches to management   |c Richard I. Levine, Charles A. Kirkpatrik, David S. Rubin 
250 |a 5th ed. 
260 2 |a New York :   |b McGraw-Hill ,   |c c1982 
300 |a 763 p. ; ;   |c 24 cm. 
504 |a Includes bibliographies and index 
650 0 |a Operations research 
700 0 |a Kirkpatrick, Charles Atkinson ,   |e author 
700 0 |a Rubin, David S. ,   |e author 
999 |a 1000037611   |b Book   |c OPEN SHELF (30 DAYS)   |e Gong Badak Campus